Practical biochemistry (Record no. 393292)

MARC details
000 -LEADER
fixed length control field 00524 a2200205 4500
005 - DATE & TIME
control field 20260116150156.0
008 - FIXED-LENGTH DATA ELEMENTS--GENERAL INFORMATION
fixed length control field 260114b |||||||| |||| 00| 0 eng d
020 ## - ISBN
International Standard Book Number 9789354660221
Price Rs. 325.00
040 ## - CATALOGING SOURCE
Original cataloging agency VIVEKANANDA LIBRARY
082 ## - DDC NUMBER
Classification number 574.192
Book Number G959P(6)
100 ## - MAIN ENTRY--PERSONAL NAME
Personal name Gupta, R C
245 ## - TITLE STATEMENT
Title Practical biochemistry
250 ## - EDITION STATEMENT
Edition statement 6TH
260 ## - PUBLICATION, DISTRIBUTION, ETC. (IMPRINT)
Name of publisher, distributor, etc CBS Publishers and Distributors
Place of publication, distribution, etc New Delhi
Date of publication, distribution, etc 2025
300 ## - PHYSICAL DESCRIPTION
Pages xii, 256
650 ## - Subject
Subject Biochemistry
650 ## - Subject
Subject Physical Chemistry
700 ## - Added Entry Personal Name
Added Entry Personal Name Bhargava, S
942 ## - ADDED ENTRY ELEMENTS (KOHA)
Koha item type Books
Holdings
Withdrawn status Lost status Source of classification or shelving scheme Damaged status Not for loan Location (home branch) Sublocation or collection (holding branch) Shelving location Date acquired Koha issues (times borrowed) Koha full call number Accession No. Koha date last seen Copy number Koha item type
    Dewey Decimal Classification     VIVEKANANDA LIBRARY VIVEKANANDA LIBRARY Vivekananda Library 08/10/2025   574.192 G959P(6) 443312 08/10/2025 V3 Books
    Dewey Decimal Classification     VIVEKANANDA LIBRARY VIVEKANANDA LIBRARY Vivekananda Library 08/10/2025   574.192 G959P(6) 443311 08/10/2025 V2 Books
    Dewey Decimal Classification     VIVEKANANDA LIBRARY VIVEKANANDA LIBRARY Vivekananda Library 08/10/2025   574.192 G959P(6) 443310 08/10/2025 V1 Books
© Designed and Maintained by Vivekananda Library, MDU Rohtak